Unit 5 Population Geography - Statistics

General Stats
  • This quiz has been taken 6 times
  • The average score is 6 of 15
Answer Stats
Hint Answer % Correct
the total number of people in a country is called the population
100%
the ability to read and write is called the __ rate literacy
83%
the number of babies born in a country is called the __ rate birth
67%
struggling poor countries are called __ developing
50%
GDP per capita refers to a person's salary or __ income
50%
the death rate is also called the ___ rate mortality
50%
a person who flees their country because it is unsafe to stay there refugee
50%
how long a person lives is called their life expectancy
33%
too many people describes this push factor problem overpopulation
33%
another word for rich wealthy countries is called developed
17%
a population __ shows the age and gender distribution for a country pyramid
17%
how comfortable a person lives is called their standard of living
17%
the spread of goods or ideas from one place to another is called culture __ diffusion
0%
least or most likely to live for people deserts mountains cold places? least
0%
least or most likely to live the coast river valleys natural harbors most
0%
No matching quizzes found
Score Distribution
Percent of People with Each Score
Percentile by Number Answered
Your Score History
You have not taken this quiz